000 00599nam a22001937a 4500
999 _c11625
_d11625
003 OSt
005 20200207100734.0
008 181213b ||||| |||| 00| 0 eng d
022 _a00116009
040 _c0
082 _aDPer 792.805 D19 Mar-Aug 2016 v. 90, n. 3-8
100 _aHenderson, Garnet.
_933265
245 _aPass the salt:
_bdo dancers need more sodium?/
_cGarnet Henderson.
260 _aNew York:
_bDance Media,
_c©Mar-Aug 2016.
300 _av90 n7, pages 47-48.
_bcolored illustrations:
_c25 cm.
500 _aDance magazine.
650 _aDancers
_xDiet
_933266
942 _2ddc
_cPER